Corona poética dedicada a honrar la memoria de Don Manuel Bretón de los Herreros : (Record no. 169665)
[ view plain ]
| 000 -LEADER | |
|---|---|
| campo de control de longitud fija | 01249nam a22002295i 4500 |
| 001 - NÚMERO DE CONTROL | |
| campo de control | 169665 |
| 003 - IDENTIFICADOR DE NÚMERO DE CONTROL | |
| campo de control | ES-MaACL |
| 005 - FECHA Y HORA DE LA ÚLTIMA TRANSACCIÓN | |
| campo de control | 20250716053240.0 |
| 008 - DATOS DE LONGITUD FIJA--INFORMACIÓN GENERAL | |
| campo de control de longitud fija | 081030s1873 sp |||| | spa d |
| 245 00 - MENCIÓN DEL TÍTULO | |
| Título | Corona poética dedicada a honrar la memoria de Don Manuel Bretón de los Herreros : |
| Resto del título | contiene las composiciones leídas en el Teatro Español durante la exposición del teatro de aquel insigne poeta / |
| Mención de responsabilidad, etc. | originales de las Sras. Dª María del Pilar Sinués de Marco, Dª Joaquina Balmaseda y Dª Mercedes Vargas, y de los Sres. D. Juan Eugenio Hartzenbusch ... [et al.]. |
| 260 ## - PUBLICACIÓN, DISTRIBUCIÓN, ETC. | |
| Lugar de publicación, distribución, etc. | Madrid : |
| Nombre del editor, distribuidor, etc. | [s.n.], |
| Fecha de publicación, distribución, etc. | 1873 ( |
| Fabricante | Imp. de José M. Ducazcal) |
| 300 ## - DESCRIPCIÓN FÍSICA | |
| Extensión | 78 p. ; |
| Dimensiones | 23 cm. |
| 530 ## - NOTA DISPONIBLE DE FORMULARIO FÍSICO ADICIONAL | |
| Nota de formato físico adicional disponible | Disponible en formato digital. |
| 600 17 - PUNTO DE ACCESO ADICIONAL DE MATERIA--NOMBRE DE PERSONA | |
| Nombre de persona | Bretón de los Herreros, Manuel, |
| Fechas asociadas al nombre | 1796-1873- |
| Subdivisión de forma | Homenajes |
| Fuente del encabezamiento o término | |
| 9 (RLIN) | 149297 |
| 650 #4 - PUNTO DE ACCESO ADICIONAL DE MATERIA--TÉRMINO DE MATERIA | |
| Término de materia o nombre geográfico como elemento de entrada | Poesía española- |
| Subdivisión cronológica | S.XIX |
| 9 (RLIN) | 16217 |
| 700 1# - ENTRADA AGREGADA--NOMBRE PERSONAL | |
| Nombre de persona | Sinués, María del Pilar. |
| 9 (RLIN) | 146793 |
| 700 1# - ENTRADA AGREGADA--NOMBRE PERSONAL | |
| Nombre de persona | García Balmaseda, Joaquina, |
| Fechas asociadas al nombre | 1837-1911 |
| 9 (RLIN) | 54217 |
| 700 1# - ENTRADA AGREGADA--NOMBRE PERSONAL | |
| Nombre de persona | Hartzenbusch, Juan Eugenio, |
| Fechas asociadas al nombre | 1806-1880 |
| 9 (RLIN) | 62011 |
| 852 4# - LOCALIZACIÓN | |
| Ubicación | ES-MaACL |
| Número de control de estantería | T-702-F-4 |
| 856 4# - LOCALIZACIÓN Y ACCESO ELECTRÓNICOS | |
| Identificador Uniforme de Recursos | <a href="http://hdl.handle.net/10578/754 ">http://hdl.handle.net/10578/754 </a> |
| Nota pública | Repositorio Universitario Institucional de Recursos Abiertos, Universidad de Castilla-La Mancha |
| Estatus retirado | Estado de pérdida | Estado de daño | No para préstamo | Colección | Biblioteca de origen | Biblioteca actual | Ubicación en estantería | Fecha de adquisición | Fuente de adquisición | Total de préstamos | Signatura topográfica completa | Código de barras | Visto por última vez | Precio de reemplazo | Tipo de ítem Koha |
|---|---|---|---|---|---|---|---|---|---|---|---|---|---|---|---|
| Colección de folletos | Biblioteca del Ateneo de Madrid | Biblioteca del Ateneo de Madrid | Depósito folletos | 30/10/2008 | T-702-F-4 | 1178121 | 23/02/2023 | 23/02/2023 | Folleto |
